00362nam a2200121Ia 4500008004100000041001200041082002100053100003400074245008400108250001200192260002500204300001100229231217s9999 xx 000 0 und d aEnglish a001.6404 LIU;38 aLiu, Yu Cheng Gibson, Glenn A 0aMicrocomputer systems: The 8086 8088 family architecture programming and design a2nd ed. c1986bPHIaNew Delhi aix+623